000 00304nam a2200133Ia 4500
008 231129s1991||||xx |||||||||||||| ||spa||
040 _bspa
082 _aCo864.4 V293pe
100 _aVarela Héctor Fabio
245 0 _aPerfiles Vallecaucanos
260 _c1991
264 _aKelly
942 _2ddc
_cBKS
999 _c22686
_d22686